000 00779nam a2200229 a 4500
005 20241012063728.0
008 040128s1989 mx r 000 0 spa d
020 _a843300803X
035 _aUPN01000131597
049 _aCG
050 4 _aRC489 P4.6
_bN4.2
100 1 _aNeimeyer, Robert A.
245 1 0 _aCasos de terapia de constructos personales /
_cRobert A. Neimeyer, Greg J. Neimeyer ; tr. Luis Botella García del Cid.
260 _aBilbao, Esp. :
_bDesclée de Brouwer,
_c1989.
300 _a304 p.
440 0 _aBiblioteca de psicología ;
_v42
534 _pTítulo original:
_tPersonal construct therapy casebook
650 4 _aTERAPIA DE CONSTRUCTOS PERSONALES
_923854
650 4 _aPsicoterapia
_98720
700 1 _aNeimeyer, Greg J.,
_ecoaut.
905 _aLibro
999 _c103752
_d103752